[Event "FRA-chT Poule Basse"]
[Site "France"]
[Date "2003.05.09"]
[Round "10.8"]
[White "Philippe, Christophe"]
[Black "Doornbos, Yann"]
[Result "1/2-1/2"]
[WhiteElo "2300"]
[BlackElo "2318"]
[PlyCount "116"]
[EventDate "2003.05.07"]
[EventType "team-tourn"]
[EventRounds "4"]
[EventCountry "FRA"]
[SourceTitle "CBM 095"]
[Source "ChessBase"]
[SourceDate "2003.07.25"]
[SourceVersion "1"]
[SourceVersionDate "2003.07.25"]
[SourceQuality "1"]
[WhiteTeam "Nancy"]
[BlackTeam "Drancy"]
[WhiteTeamCountry "FRA"]
[BlackTeamCountry "FRA"]

1. e4 e6 2. d4 d5 3. Nc3 Bb4 4. Bd3 c5 5. exd5 exd5 6. dxc5 Nf6 7. Nf3 0-0 8. 0-0 Bxc5 9. Bg5 Be6 10. Qd2 h6 11. Bxh6 gxh6 12. Qxh6 Re8 13. Ng5 Bf8 14. Bh7+ Kh8 15. Qh4 Kg7 16. Rfe1 Bc5 17. Re5 Nbd7 18. Nxe6+ Rxe6 19. Rg5+ Kf8 20. Bf5 Re5 21. Bxd7 Rxg5 22. Qxg5 Nxd7 23. Qxd5 Qe7 24. Rd1 Nf6 25. Qf5 Re8 26. h3 Bb6 27. g3 Ne4 28. Nxe4 Qxe4 29. Qxe4 Rxe4 30. Kf1 Re7 31. Rd5 Kg7 32. h4 Rc7 33. c3 Bc5 34. Ke2 Be7 35. Kd3 Bf6 36. f3 Re7 37. h5 Re1 38. g4 Rb1 39. Kc2 Rf1 40. g5 Be7 41. g6 Rf2+ 42. Kb3 fxg6 43. Rd7 Re2 44. hxg6 Kxg6 45. Rxb7 Bc5 46. a4 Rf2 47. Kc4 Bb6 48. a5 Bxa5 49. Rxa7 Bd8 50. b4 Rxf3 51. b5 Bf6 52. Ra3 Kf5 53. b6 Ke6 54. b7 Be5 55. Ra6+ Kd7 56. Ra8 Rxc3+ 57. Kd5 Rb3 58. Kxe5 Rxb7 1/2-1/2

[Event "FRA-chT Gp-A"]
[Site "France"]
[Date "2003.04.06"]
[Round "7.4"]
[White "Doornbos, Yann"]
[Black "Eliet, Nicolas"]
[Result "1/2-1/2"]
[WhiteElo "2318"]
[BlackElo "2422"]
[PlyCount "72"]
[EventDate "2003.01.31"]
[EventType "team-tourn"]
[EventRounds "7"]
[EventCountry "FRA"]
[SourceTitle "CBM 095"]
[Source "ChessBase"]
[SourceDate "2003.07.25"]
[SourceVersion "1"]
[SourceVersionDate "2003.07.25"]
[SourceQuality "1"]
[WhiteTeam "Drancy"]
[BlackTeam "Gonfreville"]
[WhiteTeamCountry "FRA"]
[BlackTeamCountry "FRA"]

1. d4 d5 2. c4 c6 3. Nc3 Nf6 4. e3 a6 5. Nf3 b5 6. b3 Bg4 7. Be2 e6 8. 0-0 Nbd7 9. Bb2 Bd6 10. Ne5 Bxe2 11. Nxe2 Qc7 12. cxd5 cxd5 13. Rc1 Qb8 14. Nc6 Qb6 15. f3 0-0 16. Kh1 Rfc8 17. Ne5 Qa5 18. a4 bxa4 19. bxa4 Nb6 20. Qb3 Bxe5 21. dxe5 Nfd7 22. Bd4 Qxa4 23. Rxc8+ Rxc8 24. Qxa4 Nxa4 25. Ra1 Rc4 26. Rb1 Kf8 27. Rb7 Ke8 28. h3 f6 29. f4 f5 30. g4 g6 31. gxf5 gxf5 32. Kg2 Rc2 33. Kf2 Kd8 34. Ra7 Rc6 35. Kg3 Kc8 36. Kh4 Nac5 1/2-1/2

[Event "FRA-chT Gp-A"]
[Site "France"]
[Date "2003.04.04"]
[Round "5.8"]
[White "Doornbos, Yann"]
[Black "Garrido, Denis"]
[Result "1-0"]
[WhiteElo "2318"]
[BlackElo "2270"]
[PlyCount "91"]
[EventDate "2003.01.31"]
[EventType "team-tourn"]
[EventRounds "7"]
[EventCountry "FRA"]
[SourceTitle "CBM 095"]
[Source "ChessBase"]
[SourceDate "2003.07.25"]
[SourceVersion "1"]
[SourceVersionDate "2003.07.25"]
[SourceQuality "1"]
[WhiteTeam "Drancy"]
[BlackTeam "Bordeaux"]
[WhiteTeamCountry "FRA"]
[BlackTeamCountry "FRA"]

1. d4 Nf6 2. Nf3 d5 3. c4 dxc4 4. e3 Be6 5. Nc3 c6 6. a4 Bd5 7. Nd2 Nbd7 8. e4 Be6 9. Nxc4 Bxc4 10. Bxc4 e6 11. 0-0 Be7 12. Bf4 0-0 13. Be2 c5 14. d5 e5 15. Be3 Ne8 16. Bg4 b6 17. a5 Ndf6 18. Be2 Nd6 19. Qc2 Rc8 20. axb6 axb6 21. Ra7 b5 22. Bxb5 Nfxe4 23. Rd7 Nxc3 24. Rxd8 Rfxd8 25. Bc6 Nce4 26. Rd1 f5 27. f3 f4 28. Bc1 Nf6 29. Qe2 Nf7 30. Bd2 Bd6 31. Ba5 Rf8 32. Ra1 Rb8 33. Bc3 Rfc8 34. Ra7 Rc7 35. Qa6 Rxa7 36. Qxa7 h5 37. Kf1 Nd8 38. Ba5 Nf7 39. Bc3 Rd8 40. Ba5 Rb8 41. Bc7 Bxc7 42. Qxc7 Rd8 43. Qe7 c4 44. h4 Rb8 45. d6 Rxb2 46. d7 1-0

[Event "FRA-chT Gp-A"]
[Site "France"]
[Date "2003.02.02"]
[Round "3.7"]
[White "Doornbos, Yann"]
[Black "Skripchenko, Almira"]
[Result "1-0"]
[WhiteElo "2318"]
[BlackElo "2501"]
[PlyCount "87"]
[EventDate "2003.01.31"]
[EventType "team-tourn"]
[EventRounds "7"]
[EventCountry "FRA"]
[SourceTitle "CBM 094"]
[Source "ChessBase"]
[SourceDate "2003.05.26"]
[SourceVersion "1"]
[SourceVersionDate "2003.05.26"]
[SourceQuality "1"]
[WhiteTeam "Drancy"]
[BlackTeam "Paris NAO"]
[WhiteTeamCountry "FRA"]
[BlackTeamCountry "FRA"]

1. d4 d5 2. e3 Nf6 3. Bd3 c5 4. c3 Nbd7 5. f4 g6 6. Nd2 Bg7 7. Nh3 0-0 8. 0-0 Ne8 9. Ng5 Nd6 10. Qe1 cxd4 11. exd4 Nf6 12. h3 h6 13. Ngf3 Bf5 14. Be2 Be4 15. Ne5 Qc7 16. Nxe4 Nfxe4 17. Bd3 b5 18. Be3 a5 19. Rc1 e6 20. Rc2 Rfc8 21. g4 Qe7 22. Rg2 b4 23. cxb4 axb4 24. Qxb4 Rxa2 25. Bxe4 dxe4 26. Qb3 Raa8 27. f5 g5 28. h4 Rab8 29. Qa3 f6 30. hxg5 hxg5 31. Ng6 Qd7 32. Bxg5 fxg5 33. f6 Bf8 34. Ne5 Qb7 35. Qe3 Nf7 36. Nxf7 Kxf7 37. Qxg5 Qd5 38. Qh4 Qxd4+ 39. Kh1 Qd5 40. g5 Ke8 41. Qh5+ Kd8 42. Rd1 Rc1 43. Rxc1 Rb3 44. Qh8 1-0

[Event "FRA-chT"]
[Site "France"]
[Date "2001.03.31"]
[Round "6.8"]
[White "Doornbos, Yann"]
[Black "Bujisho, Benjamin"]
[Result "0-1"]
[WhiteElo "2359"]
[BlackElo "2368"]
[PlyCount "122"]
[EventDate "2001.02.02"]
[EventType "team-tourn"]
[EventRounds "11"]
[EventCountry "FRA"]
[SourceTitle "EXT 2002"]
[Source "ChessBase"]
[SourceDate "2001.11.25"]
[SourceVersion "1"]
[SourceVersionDate "2001.11.25"]
[SourceQuality "1"]
[WhiteTeam "Drancy"]
[BlackTeam "Echiquier Nicois"]
[WhiteTeamCountry "FRA"]
[BlackTeamCountry "FRA"]

1. d4 Nf6 2. c4 e6 3. Nf3 d5 4. Nc3 c6 5. e3 Nbd7 6. Qc2 Bb4 7. Bd3 Qe7 8. 0-0 0-0 9. a3 Bd6 10. Rd1 h6 11. e4 dxe4 12. Nxe4 Nxe4 13. Bxe4 e5 14. Re1 Qf6 15. Be3 Kh8 16. Rad1 Re8 17. c5 Bc7 18. d5 cxd5 19. Bxd5 Nf8 20. Nd2 Re7 21. Nc4 Rb8 22. Nd6 Be6 23. Be4 b6 24. b4 bxc5 25. Bxc5 Bb6 26. Bxb6 axb6 27. Re3 Bg4 28. f3 Qg5 29. Rc3 Be6 30. a4 Rd8 31. Qf2 Red7 32. Rcd3 Rb8 33. a5 bxa5 34. bxa5 Qe7 35. a6 Bb3 36. Nxf7+ Qxf7 37. Rxd7 Nxd7 38. Rd6 Qe7 39. Qd2 Nf6 40. Bb7 Rxb7 41. axb7 Qxb7 42. Rd8+ Bg8 43. h3 Qc7 44. Kh1 Qc4 45. Qe3 Qf4 46. Qxf4 exf4 47. Kg1 Kh7 48. Ra8 Kg6 49. Ra7 Be6 50. Kf2 Bd7 51. Ra8 Kh5 52. Rf8 Be8 53. Ke1 Kg5 54. Kd2 Kf5 55. Kc3 g5 56. h4 gxh4 57. Kd4 Kg6 58. Rh8 Kg7 59. Rxe8 Nxe8 60. Ke5 Kg6 61. Kxf4 Nf6 0-1

[Event "FRA-chT"]
[Site "France"]
[Date "2001.02.03"]
[Round "2.5"]
[White "Doornbos, Yann"]
[Black "Garrido, Denis"]
[Result "0-1"]
[WhiteElo "2359"]
[BlackElo "2247"]
[PlyCount "94"]
[EventDate "2001.02.02"]
[EventType "team-tourn"]
[EventRounds "11"]
[EventCountry "FRA"]
[SourceTitle "EXT 2002"]
[Source "ChessBase"]
[SourceDate "2001.11.25"]
[SourceVersion "1"]
[SourceVersionDate "2001.11.25"]
[SourceQuality "1"]
[WhiteTeam "Drancy"]
[BlackTeam "Bordeaux Echecs"]
[WhiteTeamCountry "FRA"]
[BlackTeamCountry "FRA"]

1. d4 Nf6 2. c4 c5 3. d5 d6 4. Nc3 g6 5. e4 Bg7 6. Bd3 0-0 7. Nge2 e6 8. 0-0 exd5 9. cxd5 b6 10. a4 Na6 11. h3 Nb4 12. Bb1 Ba6 13. Bg5 Qd7 14. f4 Rae8 15. Rf2 h6 16. Bxf6 Bxf6 17. e5 dxe5 18. f5 Bxe2 19. Qxe2 e4 20. Bxe4 Bd4 21. Qf3 Re5 22. Rd1 Bxf2+ 23. Qxf2 Rfe8 24. Qh4 gxf5 25. Bb1 Qd6 26. Rf1 Qg6 27. Qf2 Nxd5 28. Bxf5 Rxf5 29. Qxf5 Nxc3 30. Qxg6+ fxg6 31. bxc3 Re3 32. Rf6 Kg7 33. Rc6 Rxc3 34. Rc7+ Kf6 35. Rxa7 Rb3 36. Ra6 Ke5 37. a5 bxa5 38. Rxa5 Kd4 39. Ra6 c4 40. Rd6+ Ke3 41. Rxg6 c3 42. Re6+ Kd4 43. Rc6 Rb4 44. Kf2 Rc4 45. Rd6+ Ke5 46. Rd1 c2 47. Rc1 Kd4 0-1

[Event "Parthenay IM"]
[Site "Parthenay"]
[Date "2000.07.11"]
[Round "4"]
[White "Doornbos, Yann"]
[Black "Vajda, Albert"]
[Result "1/2-1/2"]
[WhiteElo "2356"]
[BlackElo "2410"]
[PlyCount "91"]
[EventDate "2000.07.08"]
[EventType "tourn"]
[EventRounds "9"]
[EventCountry "FRA"]
[EventCategory "4"]
[SourceTitle "EXT 2001"]
[Source "ChessBase"]
[SourceDate "2000.11.22"]
[SourceVersion "1"]
[SourceVersionDate "2000.11.22"]
[SourceQuality "1"]

1. d4 Nf6 2. c4 g6 3. Nc3 Bg7 4. e4 d6 5. Nf3 0-0 6. Be2 Nbd7 7. 0-0 e5 8. d5 Nc5 9. Nd2 a5 10. Rb1 Ne8 11. b3 f5 12. a3 Nf6 13. b4 Ncd7 14. Qc2 Kh8 15. Nb3 axb4 16. axb4 Nxe4 17. Nxe4 fxe4 18. Be3 Nf6 19. Na5 Nh5 20. Bxh5 gxh5 21. Ra1 Qh4 22. Nb3 Rxa1 23. Rxa1 Rg8 24. Nd2 Bf5 25. Nf1 Qg4 26. Ng3 Bg6 27. Qe2 Qh4 28. Ra7 Rb8 29. h3 Bf6 30. Qa2 Bd8 31. c5 dxc5 32. bxc5 Bg5 33. Ra8 Rxa8 34. Qxa8+ Kg7 35. Nf1 Bxe3 36. Nxe3 Qe7 37. Qa7 Kf7 38. h4 Ke8 39. Qb8+ Kf7 40. Qa7 Ke8 41. Nc4 e3 42. Nxe3 Kf7 43. Nc4 Be4 44. d6 Qe6 45. Qa2 Bd5 46. Qb1 1/2-1/2

[Event "FRA-chT 9900"]
[Site "France"]
[Date "2000.04.02"]
[Round "7.3"]
[White "Flear, Glenn C"]
[Black "Doornbos, Yann"]
[Result "1-0"]
[WhiteElo "2519"]
[BlackElo "2353"]
[PlyCount "105"]
[EventDate "1999.02.04"]
[EventType "team-tourn"]
[EventRounds "11"]
[EventCountry "FRA"]
[SourceTitle "EXT 2001"]
[Source "ChessBase"]
[SourceDate "2000.11.22"]
[SourceVersion "1"]
[SourceVersionDate "2000.11.22"]
[SourceQuality "1"]

1. d4 d5 2. c4 c6 3. Nc3 Nf6 4. e3 e6 5. Nf3 Nbd7 6. a3 Bd6 7. b4 0-0 8. Bb2 Ne4 9. Nxe4 dxe4 10. Nd2 f5 11. Qb3 Kh8 12. 0-0-0 Qe7 13. f4 exf3 14. gxf3 e5 15. Bd3 a5 16. c5 Bc7 17. Bb1 axb4 18. axb4 Nf6 19. dxe5 Bxe5 20. Nc4 Bxb2+ 21. Qxb2 Be6 22. Nb6 Rae8 23. Rhe1 Bd5 24. Bxf5 Bxf3 25. Rd6 Nd5 26. Nxd5 Bxd5 27. Bb1 Qg5 28. Qd2 Qh4 29. Rd7 Rf7 30. Rxf7 Bxf7 31. e4 Rd8 32. Qe3 Qxh2 33. e5 Re8 34. Bf5 Qh4 35. Qe4 Qxe4 36. Rxe4 Bd5 37. Re3 g6 38. Bd7 Re7 39. Bc8 Be6 40. Bxe6 Rxe6 41. Kd2 Kg7 42. Kd3 g5 43. Ke4 Rg6 44. Kf5 Kf7 45. Rh3 Rg7 46. b5 cxb5 47. Rb3 Ke7 48. Rxb5 Rf7+ 49. Kxg5 Ke6 50. Rb6+ Kd5 51. e6 Rc7 52. Kf6 Kxc5 53. Rb1 1-0

[Event "FRA-chT"]
[Site "France"]
[Date "1999.??.??"]
[Round "6"]
[White "Doornbos, Yann"]
[Black "Szabolcsi, Janos"]
[Result "1-0"]
[WhiteElo "2332"]
[BlackElo "2448"]
[PlyCount "83"]
[EventDate "1999.02.??"]
[EventType "team-tourn"]
[EventRounds "11"]
[EventCountry "FRA"]
[SourceTitle "EXT 2000"]
[Source "ChessBase"]
[SourceDate "1999.11.16"]
[SourceVersion "1"]
[SourceVersionDate "1999.11.16"]
[SourceQuality "1"]

1. d4 f5 2. c4 Nf6 3. Nc3 g6 4. e3 Bg7 5. Nf3 d6 6. Be2 0-0 7. 0-0 Qe8 8. b3 e5 9. dxe5 dxe5 10. Ba3 Rf7 11. c5 Rd7 12. Qc2 h6 13. b4 c6 14. Nd2 b5 15. Bb2 a5 16. bxa5 Na6 17. Rfd1 Qe7 18. Nb3 Nb4 19. Qc1 Qf7 20. Nd2 Ba6 21. Nf3 Qe7 22. Rxd7 Nxd7 23. a3 Nd5 24. Nxd5 cxd5 25. c6 Nc5 26. Qc2 Rc8 27. Rc1 Na4 28. Qb3 Nxb2 29. Qxb2 d4 30. exd4 exd4 31. Bd3 Kh7 32. a4 bxa4 33. Bxa6 d3 34. Qa2 d2 35. Nxd2 Rc7 36. Qxa4 Qg5 37. f4 Qe7 38. Nf1 Qd6 39. Bb7 Bd4+ 40. Kh1 Qxf4 41. Rd1 Qf2 42. Qxd4 1-0

[Event "Avoine op 11th"]
[Site "Avoine"]
[Date "1996.??.??"]
[Round "?"]
[White "Egreteau, Eric"]
[Black "Doornbos, Yann"]
[Result "1-0"]
[WhiteElo "2060"]
[BlackElo "2255"]
[PlyCount "65"]
[EventDate "1996.07.??"]
[EventType "swiss"]
[EventRounds "9"]
[EventCountry "FRA"]
[SourceTitle "EXT 2004"]
[Source "ChessBase"]
[SourceDate "2003.11.25"]
[SourceVersion "1"]
[SourceVersionDate "2003.11.25"]
[SourceQuality "1"]

1. e4 c5 2. Nc3 Nc6 3. g3 g6 4. Bg2 Bg7 5. d3 e6 6. Be3 b6 7. Qd2 Nd4 8. Nh3 Bb7 9. Nf4 Nf6 10. f3 d6 11. Nd1 0-0 12. 0-0 Re8 13. Nf2 e5 14. N4h3 d5 15. c3 Nc6 16. Bh6 Bh8 17. Bg5 Nb8 18. Ng4 Nbd7 19. f4 Qc8 20. Nh6+ Kf8 21. fxe5 Rxe5 22. d4 Rxe4 23. Bxe4 dxe4 24. Qf4 Qc6 25. Rad1 Qe6 26. Nf2 e3 27. Qxe3 Qd5 28. Ne4 c4 29. Qf4 Qxe4 30. Qd6+ Kg7 31. d5 Qc2 32. Rxf6 Qxd1+ 33. Rf1 1-0

[Event "Wch U18"]
[Site "Bratislava"]
[Date "1993.??.??"]
[Round "3"]
[White "Doornbos, Yann"]
[Black "Kumaran, Dharshan"]
[Result "1/2-1/2"]
[WhiteElo "2235"]
[BlackElo "2385"]
[PlyCount "71"]
[EventDate "1993.07.18"]
[EventType "swiss"]
[EventRounds "11"]
[EventCountry "SVK"]
[SourceTitle "TD"]
[Source "ChessBase"]
[SourceDate "1994.03.01"]
[SourceVersion "1"]
[SourceVersionDate "1994.03.01"]
[SourceQuality "1"]

1. e4 c5 2. Nf3 e6 3. d4 cxd4 4. Nxd4 Nc6 5. Nc3 Qc7 6. g3 a6 7. Bg2 Nf6 8. 0-0 Nxd4 9. Qxd4 Bc5 10. Bf4 d6 11. Qd3 Nd7 12. Na4 e5 13. Bd2 b5 14. Nxc5 Nxc5 15. Qe2 Bb7 16. Rfd1 0-0 17. Bb4 f5 18. Qd2 Nxe4 19. Bxe4 fxe4 20. Bxd6 Qc6 21. Bxf8 e3 22. Qd5+ Qxd5 23. Rxd5 Bxd5 24. Bd6 e2 25. f4 exf4 26. Bxf4 Rc8 27. c3 Bxa2 28. Kf2 Re8 29. Ke1 Bc4 30. Rxa6 h6 31. Rb6 g5 32. Rb8 Rxb8 33. Bxb8 g4 34. b3 Bd3 35. Bc7 Kf7 36. Bf4 1/2-1/2

[Event "Wch U18"]
[Site "Bratislava"]
[Date "1993.??.??"]
[Round "6"]
[White "Lipka, Juraj"]
[Black "Doornbos, Yann"]
[Result "1-0"]
[WhiteElo "2310"]
[BlackElo "2235"]
[PlyCount "81"]
[EventDate "1993.07.18"]
[EventType "swiss"]
[EventRounds "11"]
[EventCountry "SVK"]
[SourceTitle "TD"]
[Source "ChessBase"]
[SourceDate "1994.03.01"]
[SourceVersion "1"]
[SourceVersionDate "1994.03.01"]
[SourceQuality "1"]

1. d4 Nf6 2. Nf3 d6 3. c3 Nbd7 4. Bg5 h6 5. Bh4 g5 6. Bg3 Nh5 7. e3 Bg7 8. Bd3 e6 9. Nbd2 Qe7 10. Qc2 0-0 11. 0-0-0 f5 12. h3 b6 13. Bh2 Bb7 14. g4 fxg4 15. hxg4 Rxf3 16. Nxf3 Bxf3 17. gxh5 Rf8 18. Bg3 Nf6 19. Bg6 Kh8 20. Rhg1 Bxd1 21. Rxd1 Qd7 22. Qe2 Nd5 23. Bc2 Qf7 24. Kb1 Ne7 25. Qa6 Nf5 26. Qxa7 Nxg3 27. fxg3 Qd7 28. Qa6 Qf7 29. Qd3 Qf5 30. Qc4 Qf7 31. g4 Bf6 32. Rf1 d5 33. Qd3 Qg7 34. e4 Be7 35. Rxf8+ Bxf8 36. exd5 exd5 37. Qf5 Qe7 38. a3 c6 39. Ka2 Kg8 40. Qg6+ Bg7 41. Qxc6 1-0

[Event "Parthenay op"]
[Site "Parthenay"]
[Date "1992.??.??"]
[Round "7"]
[White "Doornbos, Yann"]
[Black "Pytel, Krzysztof"]
[Result "0-1"]
[WhiteElo "2230"]
[BlackElo "2425"]
[PlyCount "76"]
[EventDate "1992.07.??"]
[EventType "swiss"]
[EventRounds "9"]
[EventCountry "FRA"]
[SourceTitle "EXT 2002"]
[Source "ChessBase"]
[SourceDate "2001.11.25"]
[SourceVersion "1"]
[SourceVersionDate "2001.11.25"]
[SourceQuality "1"]

1. e4 c5 2. Nf3 Nc6 3. d3 e6 4. g3 d5 5. Nbd2 Bd6 6. Bg2 Nge7 7. 0-0 0-0 8. Nh4 Bc7 9. f4 f5 10. e5 Rb8 11. c3 b5 12. g4 b4 13. gxf5 exf5 14. Ndf3 bxc3 15. bxc3 Ba5 16. Bd2 Ba6 17. Qc2 h6 18. a3 Qd7 19. Bh3 Rb6 20. Rab1 Nd8 21. Kh1 Ne6 22. Rg1 Rxb1 23. Rxb1 d4 24. c4 Bxd2 25. Qxd2 Bb7 26. Bg2 Bc6 27. Kg1 Qc7 28. Bh3 Kh7 29. Kf2 g6 30. Rg1 Qb6 31. Rg3 Qb3 32. Ng1 Qc3 33. Qxc3 dxc3 34. Ne2 g5 35. Ng2 g4 36. Bxg4 fxg4 37. Rxg4 c2 38. Ne1 Nxf4 0-1